Jeux de société de Culture G - Statistiques

Statistiques générales
  • Ce quiz a été pris 62 fois
  • Le résultat moyen est 4 sur 13
Statistiques - réponses
Par images Réponse % Correct
Burger Quiz
89%
Trivial Pursuit
82%
Baccalauréat
51%
TTMC
38%
Crack List
31%
Speed Bac
30%
Cortex
13%
Trou Noir
11%
iKnow
10%
Monsieur Je sais tout
7%
Color Brain
5%
BBQ
2%
Vers l'infini mais pas au-delà
2%
Aucun quiz correspondant
Distribution des résultats
% des personnes avec chaque résultat
Percentile par nombre de réponses
Votre historique - résultats
Vous n’avez pas pris ce quiz